<?xml version="1.0" encoding="UTF-8"?>
<marc:record xmlns:marc="http://www.loc.gov/MARC21/slim">
   <marc:leader>00000nam a2200000 a 4500</marc:leader>
   <marc:datafield ind1="1" ind2=" " tag="100">
      <marc:subfield code="a">Mas, Victoria</marc:subfield>
      <marc:subfield code="4">aut</marc:subfield>
      <marc:subfield code="e">Verfasser/-in</marc:subfield>
   </marc:datafield>
   <marc:datafield ind1="0" ind2="0" tag="245">
      <marc:subfield code="a">Die Tanzenden</marc:subfield>
   </marc:datafield>
   <marc:datafield ind1="0" ind2="0" tag="245">
      <marc:subfield code="b">Roman</marc:subfield>
   </marc:datafield>
   <marc:datafield ind1=" " ind2="1" tag="264">
      <marc:subfield code="a">München</marc:subfield>
      <marc:subfield code="b">Piper</marc:subfield>
      <marc:subfield code="c">2020</marc:subfield>
   </marc:datafield>
   <marc:datafield ind1=" " ind2=" " tag="250">
      <marc:subfield code="a">2. Auflage</marc:subfield>
   </marc:datafield>
   <marc:datafield ind1="1" ind2=" " tag="520">
      <marc:subfield code="a">Angaben aus der Verlagsmeldung ## ##  Die Tanzenden : Roman Le Bal des Folles / von Victoria Mas ## ## Eine Hymne auf die Courage aller Frauen# ## #Ganz Paris will sie sehen: Im berühmtesten Krankenhaus der Stadt, der Salpêtrière, sollen Louise und Eugénie in dieser Ballnacht glänzen. Ob die Hysterikerinnen nicht gefährlich seien, raunt sich die versammelte Hautevolee zu und bewundert ihre Schönheit gerade dann, wenn sie die Kontrolle verlieren. Für Louise und Eugénie aber steht an diesem Abend alles auf dem Spiel: Sie wollen aus ihrer Rolle ausbrechen, wollen ganz normale Frauen sein, wollen auf dem Boulevard Saint-Germain sitzen und ein Buch lesen dürfen, denken und träumen und lieben dürfen wie die Männer.#Mit verblüffender Lebendigkeit erzählt Victoria Mas in »Die Tanzenden« vom Aufbruch derer, die sich nicht zufriedengeben, von berührender Solidarität und unbeirrbarem Mut.## #»Ein unentbehrlicher Roman.« Cosmopolitan Frankreich## #»Eine der schönsten und augenfälligsten Überraschungen des Jahres!« Le Parisien## #»In einer glasklaren Sprache, leicht wie ein Pastell, schreibt die junge Autorin gegen die männliche Norm an und gibt denen eine Stimme, die man mundtot gemacht und unterdrückt hat.« LObs</marc:subfield>
   </marc:datafield>
   <marc:datafield ind1=" " ind2=" " tag="020">
      <marc:subfield code="a">9783492070140</marc:subfield>
      <marc:subfield code="9">9783492070140</marc:subfield>
   </marc:datafield>
   <marc:datafield ind1=" " ind2=" " tag="041">
      <marc:subfield code="a">ger</marc:subfield>
   </marc:datafield>
   <marc:datafield ind1=" " ind2=" " tag="300">
      <marc:subfield code="a">234 Seiten</marc:subfield>
   </marc:datafield>
</marc:record>
